Focus sur: Hedwige - Harry Potter - Statistiques

Statistiques générales
  • Ce quiz a été pris 1 051 fois
  • Le résultat moyen est 5 sur 5
Statistiques - réponses
Informations recherchées Réponses % Correct
Maître Harry Potter
100%
Couleur Blanc
99%
Espèce Chouette
97%
Première mention Harry Potter à l'école des sorciers
93%
Lieu de rencontre avec Harry Potter Chemin de Traverse
92%
Aucun quiz correspondant
Distribution des résultats
% des personnes avec chaque résultat
Percentile par nombre de réponses
Votre historique - résultats
Vous n’avez pas pris ce quiz